000 00650nas a2200229 4500
001 BR7307979
003 BR-BrBNA
005 20231205082641.0
007 ta
008 230509b bl.|||p| |||| 00| 00por d
040 _aBR-BrBNA
_bpor
_cBiblioteca Nacional de Agricultura
041 _a(Pt)
072 _aQ40
100 1 _aUzelac, M.
245 1 _aEstudo de aromas em alimentos
650 _aADITIVO
650 _aALIMENTO
650 _aAROMA
773 0 _tBoletim do Instituto de Tecnologia de Alimentos (Brazil)
_xISSN 0366-0281
_g(Dec 1973), (no. 36) p. 49-73
_wBR7307979
909 _a202311
_bLúcia
_c55
_dLúcia Elande
942 _2AGRIS
_n0
_cANA
999 _c93482
_d93482